The 50 most common german words - Statistics

General Stats
  • This quiz has been taken 8,113 times
  • The average score is 26 of 50
Answer Stats
Answer % Correct
ich
88%
da
87%
du
84%
sie
83%
Sie
83%
der
79%
die
79%
das
78%
er
76%
es
73%
ein
70%
wir
70%
bin
69%
ist
69%
nein
65%
ja
64%
und
61%
habe
60%
wie
55%
den
53%
eine
53%
sind
53%
war
53%
was
52%
in
48%
auf
46%
zu
46%
dem
44%
haben
44%
hat
44%
nicht
43%
so
42%
uns
42%
an
40%
dich
40%
mich
40%
mit
40%
mir
38%
von
36%
dir
35%
kann
35%
für
34%
einen
31%
wenn
31%
dass / daß
28%
all
24%
hier
24%
sich
23%
noch
19%
nur
16%
No matching quizzes found
Score Distribution
Percent of People with Each Score
Percentile by Number Answered
Your Score History
You have not taken this quiz